1827 1445 1657 1084 1201 1654 1560 1283 1010 1349 1131 1423 1443 1267 1201 1892 1415 1679 1070 1437 1419 1023 1320 1666 1498 1576 1597 1388 1142 1872 1202 1371 1100 1689 1813 1442 1216 1211 1773 1868 1893 1900 1442 1530 1944 1928 1164 1764 1347 1435 1578 1392 1342 1331 1481 1386 1643 1863 1574 1668 1795 1664 1894 1224 1879 1401 1535 1252 1395 1993 1783 1249 1664 1509 1505 1756 1773 1258 1846 1908 1140 1181 1100 1553 1017 1372 1923 1225 1734 1825 1913 1537 1999 1351 1277 1569 1566 1093 1184 BCNSPRNW ULIB Ver.6.0+V

เปลี่ยนเป็นภาษาไทย

Change to English
 แสดงรายละเอียดบรรณานุกรม
  กลับหน้าหลัก

Brief Record : Get Marc (ISO 2709) : E-mail record : QR code < ปิดหน้าต่าง
LEADER : 00000nam 2200000uu 4500
001    13399113463
003     ULIB
008    111121s2553||||th 000 0 tha d
020    ^a9786167057262
090    ^aนว.^bร321จ 2553
100 0  ^aรัชริล
245 00 ^aจำเลยรักจอมแดนเถื่อน/^cรัชริล
250    ^aพิมพ์ครั้งที่ 1
260    ^aกรุงเทพฯ :^bแสงทองพริ้นติ้ง จำกัด,^c2553
300    ^a336 หน้า
710 1  ^aแสงทองพริ้นติ้ง
945    ^p230^l0^i17084
995    ^aกัณชพร
999    ^aใช้งานได้ทุกระบบ
รายการนี้ยังไม่มีแท็ก
คุณยังไม่ได้ล็อกอิน คุณสามารถมีกิจกรรมร่วมกับเว็บไซต์ได้ แต่ต้องล็อกอินก่อน ::
  ล็อกอิน

รายการสื่อสารสนเทศ

ลำดับที่ ประเภท เลขเรียก/บาร์โค้ด สถานที่ สถานะ
1. วิทยาศาสตร์การแพทย์ และสุขภาพ
วิทยาศาสตร์การแพทย์ และสุขภาพ
นว. ร321จ 2553  
  Barcode: 17084
ห้องสมุดวิทยาเขตสวรรค์ประชารักษ์
►นวนิยาย
บนชั้น
  ขอยืม

BibComment


ยังไม่เคยถูกคอมเมนท์

คอมเมนท์ทรัพยากรรายการนี้
  คอมเมนท์: จำเลยรักจอมแดนเถ..


 Copyright 2026. Bcnsprnw @Library